Wards of Waltham Forest, London - Statistics

General Stats
  • This quiz has been taken 8 times
  • The average score is 6 of 20
Answer Stats
Answer % Correct
Leyton
100%
Leytonstone
100%
Higham Hill
50%
Cann Hall
33%
Chingford Green
33%
Endlebury
33%
Hoe Street
33%
Lea Bridge
33%
Markhouse
33%
Cathall
17%
Chapel End
17%
Forest
17%
Hale End and Highams Park
17%
William Morris
17%
Wood Street
17%
Grove Green
0%
Hatch Lane
0%
High Street
0%
Larkswood
0%
Valley
0%
No matching quizzes found
Score Distribution
Percent of People with Each Score
Percentile by Number Answered
Your Score History
You have not taken this quiz